| 000 | nam a22 7a 4500 | ||
|---|---|---|---|
| 999 |
_c234283 _d234283 |
||
| 005 | 20170316175529.0 | ||
| 008 | 170316b xxu||||| |||| 00| 0 eng d | ||
| 020 | _a9780387742434 | ||
| 040 | _c. | ||
| 082 | _aBB-388 | ||
| 100 | _aJazar , Reza N. | ||
| 245 |
_aVehicle Dynamics \ _bTheory and Application _cReza N. Jazar , |
||
| 260 |
_aNew York, _bSpringer, _c2008. |
||
| 300 |
_a1015 p. ; _c23 cm. |
||
| 942 |
_2ddc _cBK |
||